Skocznie narciarskie znajdujące się na terenie Polski - Statystyki

Ogólne statystyki
  • Ten quiz został rozwiązany 258 razy
  • Średni wynik to 4 z 6
Statystyki odpowiedzi
% Poprawnych
Wisła
98%
Zakopane
98%
Szczyrk
89%
Karpacz
64%
Lubawka
19%
Zagórz
15%
Nie znaleziono quizów pasujących do podanych kryteriów
Rozkład punktacji
Procent ludzi z każdym wynikiem
Percentyl według liczby udzielonych odpowiedzi
Twoja historia wyników
Nie rozwiązałeś tego quizu